<?xml version="1.0" encoding="UTF-8"?>
<record
    xmlns:xsi="http://www.w3.org/2001/XMLSchema-instance"
    xsi:schemaLocation="http://www.loc.gov/MARC21/slim http://www.loc.gov/standards/marcxml/schema/MARC21slim.xsd"
    xmlns="http://www.loc.gov/MARC21/slim">

  <leader>00963nam a22002297a 4500</leader>
  <controlfield tag="005">20240611142116.0</controlfield>
  <controlfield tag="008">220324b           ||||| |||| 00| 0 eng d</controlfield>
  <datafield tag="020" ind1=" " ind2=" ">
    <subfield code="a">9789392451140</subfield>
  </datafield>
  <datafield tag="040" ind1=" " ind2=" ">
    <subfield code="c">AL</subfield>
  </datafield>
  <datafield tag="041" ind1=" " ind2=" ">
    <subfield code="a">Kannada</subfield>
  </datafield>
  <datafield tag="082" ind1=" " ind2=" ">
    <subfield code="2">23</subfield>
    <subfield code="a">398.2K</subfield>
    <subfield code="b">PARA</subfield>
  </datafield>
  <datafield tag="100" ind1=" " ind2=" ">
    <subfield code="a">K Langlo Parker </subfield>
    <subfield code="9">170086</subfield>
  </datafield>
  <datafield tag="100" ind1=" " ind2=" ">
    <subfield code="9">25774</subfield>
    <subfield code="d">&#xCB2;&#xCCD;&#xCAF;&#xCBE;&#xC82;&#xC97;&#xCCD;&#xCB2;&#xCCB;  &#xCAA;&#xCBE;&#xCB0;&#xCCD;&#xC95;&#xCB0;&#xCCD; &#xC95;&#xCC6; </subfield>
  </datafield>
  <datafield tag="245" ind1=" " ind2=" ">
    <subfield code="a">Australiaada Jaanapada Kategalu  </subfield>
    <subfield code="b">&#xC86;&#xCB8;&#xCCD;&#xC9F;&#xCCD;&#xCB0;&#xCC7;&#xCB2;&#xCBF;&#xCAF;&#xCBE;&#xCA6; &#xC9C;&#xCBE;&#xCA8;&#xCAA;&#xCA6;  &#xC95;&#xCA4;&#xCC6;&#xC97;&#xCB3;&#xCC1;</subfield>
  </datafield>
  <datafield tag="260" ind1=" " ind2=" ">
    <subfield code="a">Bengaluru</subfield>
    <subfield code="b">Navakarnataka Publications Private Limited</subfield>
    <subfield code="c">2021</subfield>
  </datafield>
  <datafield tag="300" ind1=" " ind2=" ">
    <subfield code="a">136 p.</subfield>
    <subfield code="b">PB</subfield>
    <subfield code="c">21.5x14 cm.</subfield>
  </datafield>
  <datafield tag="365" ind1=" " ind2=" ">
    <subfield code="a">BLCR-000132</subfield>
    <subfield code="b">&#x20B9;112.00</subfield>
    <subfield code="c">&#x20B9;</subfield>
    <subfield code="d">&#x20B9;140.00</subfield>
    <subfield code="e">20%</subfield>
    <subfield code="f">11-03-2022</subfield>
  </datafield>
  <datafield tag="650" ind1=" " ind2=" ">
    <subfield code="a">Australiaada Paur&#x101;&#x1E47;ika Kathega&#x1E37;u  &#xC86;&#xCB8;&#xCCD;&#xC9F;&#xCCD;&#xCB0;&#xCC7;&#xCB2;&#xCBF;&#xCAF;&#xCBE;&#xCA6; &#xCAA;&#xCCC;&#xCB0;&#xCBE;&#xCA3;&#xCBF;&#xC95;  &#xC95;&#xCA4;&#xCC6;&#xC97;&#xCB3;&#xCC1; </subfield>
    <subfield code="9">25764</subfield>
  </datafield>
  <datafield tag="700" ind1=" " ind2=" ">
    <subfield code="a">Sidney Srinivas</subfield>
    <subfield code="9">25765</subfield>
  </datafield>
  <datafield tag="700" ind1=" " ind2=" ">
    <subfield code="a">&#xCB8;&#xCBF;&#xCA1;&#xCCD;&#xCA8;&#xCBF; &#xCB6;&#xCCD;&#xCB0;&#xCC0;&#xCA8;&#xCBF;&#xCB5;&#xCBE;&#xCB8;&#xCCD;  Tr </subfield>
    <subfield code="9">25766</subfield>
  </datafield>
  <datafield tag="942" ind1=" " ind2=" ">
    <subfield code="2">ddc</subfield>
    <subfield code="c">BK</subfield>
  </datafield>
  <datafield tag="999" ind1=" " ind2=" ">
    <subfield code="c">222016</subfield>
    <subfield code="d">222016</subfield>
  </datafield>
  <datafield tag="952" ind1=" " ind2=" ">
    <subfield code="0">0</subfield>
    <subfield code="1">0</subfield>
    <subfield code="2">ddc</subfield>
    <subfield code="4">0</subfield>
    <subfield code="7">0</subfield>
    <subfield code="8">OTH</subfield>
    <subfield code="a">AL</subfield>
    <subfield code="b">AL</subfield>
    <subfield code="d">2022-03-12</subfield>
    <subfield code="e">Navakarnataka Publications Pvt.Ltd.</subfield>
    <subfield code="g">112.00</subfield>
    <subfield code="l">0</subfield>
    <subfield code="o">398.2K PARA</subfield>
    <subfield code="p">075689</subfield>
    <subfield code="r">2022-03-24 00:00:00</subfield>
    <subfield code="v">140.00</subfield>
    <subfield code="w">2022-03-24</subfield>
    <subfield code="y">BK</subfield>
  </datafield>
</record>
